00873nam a22002417a 45000010005000000030006000050050017000110080041000280200015000690400029000840500018001131000020001312450093001512500018002442600051002623000060003135050008003735200153003815210020005345210020005546500020005747000037005949507FISKH20260115163148.0260115b cb ||||| |||| 00| 0 eng d a0525477675 aFISKHbengcFISKHdFISKH aPZ7.H313516 I aHawkins , Jimmy aIt's a wonderful life for kids ! /cby Jimmy Hawkins : illustrations by Douglas B. Jones aFirst Edition aNew York : bDutton Children's Books ,c2006 . a38 unnumbered pages : bcolor illustrations ; c32 cm . aH  aGeorge and Mary Bailey's eight-year-old son Tommy gets some help from an angel-in-training named Arthur. Based on the movie "It's a Wonderful Life."8 a450 bLexile 8 aH bRaz-Plus  aAngelsvFiction aJones , Douglas B.eIllustrator